Sąsiedzi Polski po zdjęciu - Statystyki

Ogólne statystyki
  • Ten quiz został rozwiązany 36 razy
  • Średni wynik to 7 z 7
Statystyki odpowiedzi
Obrazkowy Odpowiedź % Poprawnych
Słowacja
100%
Czechy
97%
Niemcy
97%
Białoruś
93%
Litwa
90%
Rosja
90%
Ukraina
87%
Nie znaleziono quizów pasujących do podanych kryteriów
Rozkład punktacji
Procent ludzi z każdym wynikiem
Percentyl według liczby udzielonych odpowiedzi
Twoja historia wyników
Nie rozwiązałeś tego quizu